Word Ladder: Petite Pets Quiz Stats

Quiz Updated May 9, 2015

Challenge
Share
Tweet
Embed
Score 0/12 Timer 01:00
0 Plays Today
Hint Answer % Correct
Feline 3-Letter Ladder**CAT**
97.7%
Feline 3-Letter LadderRAP
96.2%
Feline 3-Letter LadderCAP
95.5%
Feline 3-Letter Ladder**TOP**
94.3%
Canine 3-Letter Ladder**DOG**
94%
Feline 3-Letter LadderRIP
93.8%
Feline 3-Letter LadderTIP
93.8%
Canine 3-Letter LadderPIG
93.8%
Canine 3-Letter LadderPOT
93.6%
Canine 3-Letter Ladder**HOT**
92.6%
Canine 3-Letter LadderDIG
89.8%
Canine 3-Letter LadderPIT
86.6%

Today's Daily Dose

Word Ladder
KISS Hit

On This Day
January 22nd

You're not logged in!

Compare scores with friends on all Sporcle quizzes.
Sign Up with Email
OR
Log In

You Might Also Like...

Show Comments

Extras

Top Quizzes Today


Score Distribution

Your Account Isn't Verified!

In order to create a playlist on Sporcle, you need to verify the email address you used during registration. Go to your Sporcle Settings to finish the process.